00789nam a2200241 i 4500003000900000005001700009008004100026040004300067082002200110100002700132245005200159264005200211300002800263336002200291337002400313338003300337500002000370504002900390546002000419650004100439651001000480856005700490EG-GICUC20260426122618.0260426s1929 gw |||frb||| 00| 0 ger d aEG-GiCUCbgercEG-GiCUCdEG-GiCUCerda04221a343.3bHE . G1 aHeck, PhilippeAuthor.10aGrundriss des Schuldrechts /cvon Philipp Heck. 1aTübingen :b J.C.B. Mohr (P. Siebeck),c1929. axvi, 492 pages ;c24 cm 2rda contentatext 2rda mediaaComputer 2rda carrieraOnline Resource aIncludes index. aBibliography: p. xv-xvi. a Text in German14aDroit de procédure pénale2qrmak1 2qrmak40uhttps://fll.law.cu.edu.eg/fulltext/bks/B10-11452.pdf